Geographie Mittelerdes (Tolkien) - mit Karte - Statistiken

Allgemein
  • Dieses Quiz wurde 310 mal gespielt
  • Das Durchschnittsergebnis liegt bei 20 aus 43
Antworten auf der Karte
Die Antworten werden auf der Karte rot bzw. grün angezeigt, abhängig davon wie oft sie richtig erraten wurden.
 
Antwortstatistiken
# Antwort Ort % Korrekt
H Hornburg | Helms Klamm Rohan
78%
M Minas Tirith | Mundburg Südwesten
77%
E {Erebor} | {Einsamer} Berg Norden
75%
I Isen Dunland
75%
D|G Düsterwald | Grünwald Rhovanion
71%
N {Nebel}gebirge Moria
70%
B Bree Eriador
68%
B|I Bruchtal | Imladris Eriador
67%
F|E Fangorn | Entwald Nordrohan
67%
I Isengard Rohan
66%
S|O Schicksalsberg | Orodruin Mordor
63%
A Anduin Norden-Süden
62%
L Lothlórien Nordrohan
62%
E Edoras Rohan
60%
B|E {Blaue} Berge | {Ered} {Luin} Westen
56%
E {Eis}bucht Nordwesten
55%
R Meer von {Rhûn} Osten
51%
A {Alter} Wald Eriador
47%
E Eisenberge Norden
47%
A Berge von {Angmar} Norden
43%
S|E {Schatten}gebirge | {Ephel} {Dúath} Mordor
43%
B Brandywein Eriador
41%
B|W {Belegaer} | {West}meer Westen
40%
U Bucht von {Umbar} Süden
39%
C|R Caradhras | Rothorn Moria
39%
U Reich von {Umbar} Süden
39%
W Wetterberge Eriador
39%
N {Núrn}enmeer Mordor
38%
W|E {Weißes} Gebirge | {Ered} {Nimrais} Südwesten
38%
G|E {Graues} Gebirge | {Ered} {Mithrin} Norden
32%
G Gundabad-Berg Norden
31%
H {Hügelgräber}höhen Eriador
31%
U Udûn Mordor
31%
L {Langer} See Norden
30%
A|E {Aschen}gebirge | {Ered} {Lithui} Mordor
28%
B Bucht von {Belfalas} Südwesten
28%
L Golf von {Lhûn} Eriador
25%
K Khand Osten
24%
F Kap von {Forochel} Nordwesten
20%
E Emyn Muil Südrhovanion
19%
A|E|N {Abendrot}see | See {Evendim} | {Nenuial} Eriador
17%
C Cair Andros Ithilien
17%
T Tolfalas Südwesten
13%
Keine übereinstimmenden Quizze gefunden
Verteilung der Resultate
Anzahl Personen mit jedem Resultat
Perzentil nach korrekt beantworteten Fragen
Ihre Resultats-Entwicklung
Sie haben dieses Quiz noch nicht gespielt